00537nam a2200193Ia 4500001001000000003000500010008004100015010001100056040000900067082001700076100002000093245006800113260003600181300001000217440003400227650002700261700001600288710003900304Para_2182CHAP220125s1991 xx 000 0 und d a200604 cCHAP aPA 633.71 S4 aShew, H.D., ed. aCompendium of tobacco diseases /c by H.D. Shew and G.B. Lucas aSt. Paul, Minn. :b APS, Press a68 p. aThe disease compendium series aTabaco x enfermedades aLucas, G.B. aAmerican Phytopathological Society